| 000 | 00352nam a2200133Ia 4500 | ||
|---|---|---|---|
| 008 | 191014s9999 xx 000 0 und d | ||
| 020 | _a0-691-01146-x | ||
| 082 |
_a530.11 _bDIR |
||
| 100 |
_aP.A.M.Dirac _920278 |
||
| 245 | 0 | _aGeneral Theory of Relativity | |
| 260 |
_aNew Jersey _bPrinceton University Press _c1996 |
||
| 300 | _aViii,69 | ||
| 942 | _cBK | ||
| 999 |
_c530848 _d530848 |
||